Brexit: The Disintegration of Great Britain from the European Union in the Context of the Foreign Trade Development

Účelom článku je predovšetkým zhodnotiť obchodnú pozíciu a postoj Spojeného kráľovstva k európskej integrácii v období pred a po brexite. Príspevok je zameraný najmä na vývoj zahraničného obchodu s tovarom v horizonte desiatich rokov, pričom sleduje komplementárnosť vzájomného obchodu a prognózuje m...

Description complète

Enregistré dans:
Détails bibliographiques
Auteur principal: Zubaľová, Ľubica, 1969-
Autres auteurs: Drieniková, Kristína, 1982-, Záchenský, Miloš
Format: Chapitre de livre
Langue:anglais
Sujets:
Tags: Ajouter un tag
Pas de tags, Soyez le premier à ajouter un tag!

MARC

LEADER 00000naa$a2200000$$$4500
001 0297939
005 20240502074519.1
041 0 |a eng 
044 |a SK 
245 1 0 |a Brexit: The Disintegration of Great Britain from the European Union in the Context of the Foreign Trade Development  |c Ľubica Zubaľová, Kristína Drieniková, Miloš Záchenský 
520 |a Účelom článku je predovšetkým zhodnotiť obchodnú pozíciu a postoj Spojeného kráľovstva k európskej integrácii v období pred a po brexite. Príspevok je zameraný najmä na vývoj zahraničného obchodu s tovarom v horizonte desiatich rokov, pričom sleduje komplementárnosť vzájomného obchodu a prognózuje možný priebeh vývoja vzájomnej obchodnej výmeny. Zámerom je zhodnotiť zmeny po brexite vo vývoji exportu a importu a zároveň porovnať rok 2021 s rokom 2019 a súčasne sledovať zmeny v najvýznamnejších exportných komoditách prevládajúcich vo vzájomnom obchode. 
610 2 0 |a brexit 
610 2 0 |a obchod zahraničný 
610 2 0 |a obchod výmenný 
610 2 0 |a integrácia 
610 2 0 |a dezintegrácia 
610 2 0 |a vzťahy hospodárske medzinárodné 
610 2 0 |a Veľká Británia 
610 2 0 |a Európska únia 
100 1 |a Zubaľová, Ľubica, 1969- 
700 1 |a Drieniková, Kristína, 1982- 
700 1 |a Záchenský, Miloš